[Event "Bad Woerishofen sen"]
[Site "?"]
[Date "2006.03.19"]
[Round "3"]
[White "Neese, Hans-Joachim"]
[Black "Rahn, Oskar"]
[Result "1/2-1/2"]
[WhiteElo "2244"]
[BlackElo "2111"]
[PlyCount "50"]
[EventDate "2006.??.??"]

1. d4 Nf6 2. c4 e6 3. Nc3 d5 4. Nf3 Nbd7 5. Bg5 Be7 6. e3 a6 7. Rc1 dxc4 8.
Bxc4 b5 9. Bd3 Bb7 10. O-O c5 11. Re1 cxd4 12. Nxd4 O-O 13. Qe2 b4 14. Bxf6
Nxf6 15. Nb1 Qd5 16. f4 Bc5 17. Rc4 a5 18. Nd2 Bb6 19. N2f3 Qh5 20. Rc2 Rac8
21. Rec1 Rxc2 22. Rxc2 h6 23. h3 Rd8 24. Rd2 Ne4 25. Rd1 Nf6 1/2-1/2

[Event "Bad Woerishofen sen"]
[Site "?"]
[Date "2006.03.20"]
[Round "4"]
[White "Wulf, Adalbert"]
[Black "Walther, Diethelm"]
[Result "0-1"]
[WhiteElo "2020"]
[BlackElo "2192"]
[PlyCount "66"]
[EventDate "2006.??.??"]

1. Nf3 d5 2. d4 Bf5 3. e3 e6 4. Bd3 Bg6 5. c3 Nf6 6. Bxg6 hxg6 7. Qc2 Bd6 8. h3
Nbd7 9. Nbd2 Qe7 10. c4 c6 11. cxd5 exd5 12. b3 Rc8 13. Bb2 c5 14. Qd3 cxd4 15.
Bxd4 a6 16. O-O Ba3 17. Rad1 O-O 18. Nb1 Rc6 19. Nxa3 Qxa3 20. Rd2 Rfc8 21. Bb2
Qd6 22. Ng5 Nc5 23. Qd4 Ne6 24. Nxe6 Qxe6 25. Rdd1 Rc2 26. Rc1 Qf5 27. Rxc2
Rxc2 28. f3 Re2 29. e4 dxe4 30. fxe4 Qxe4 31. Qxe4 Nxe4 32. Rb1 Nd2 33. Rd1
Nf3+ 0-1

[Event "Bad Woerishofen op"]
[Site "?"]
[Date "2006.03.20"]
[Round "4"]
[White "Mader, Manuela"]
[Black "Mueller, Wolfgang"]
[Result "1-0"]
[WhiteElo "2067"]
[BlackElo "1929"]
[PlyCount "55"]
[EventDate "2006.??.??"]

1. e4 c5 2. c3 Nc6 3. d4 cxd4 4. cxd4 d5 5. exd5 Qxd5 6. Nf3 e6 7. Nc3 Bb4 8.
Bd3 Nge7 9. O-O Bxc3 10. bxc3 b5 11. Qe2 a6 12. Ba3 Qd8 13. Be4 Rb8 14. Rfd1
Nd5 15. c4 bxc4 16. Qxc4 Nce7 17. Re1 O-O 18. Qd3 Nf6 19. d5 exd5 20. Bxh7+
Nxh7 21. Bxe7 Qa5 22. Bxf8 Nxf8 23. Re8 Qc5 24. Ng5 g6 25. Qf3 Qa7 26. Rae1 Bf5
27. Qa3 Kg7 28. Qxf8+ 1-0

[Event "Bad Woerishofen sen"]
[Site "?"]
[Date "2006.03.20"]
[Round "4"]
[White "Ladstetter, Josef"]
[Black "Neumann, Erwin"]
[Result "1-0"]
[WhiteElo "2082"]
[BlackElo "2014"]
[PlyCount "87"]
[EventDate "2006.??.??"]

1. d4 Nf6 2. Nf3 e6 3. Bf4 b6 4. e3 Bb7 5. Nbd2 Be7 6. h3 O-O 7. Bd3 d5 8. Ne5
Nbd7 9. Qf3 c5 10. c3 Rc8 11. g4 cxd4 12. exd4 Ne4 13. Nxe4 dxe4 14. Bxe4 Bxe4
15. Qxe4 Nf6 16. Qg2 Nd5 17. Bd2 f6 18. Nf3 Qc7 19. O-O Bd6 20. Rfe1 Qf7 21.
Re2 Bf4 22. Rae1 Bxd2 23. Rxd2 Nf4 24. Qg3 g5 25. Nh2 Rfd8 26. Nf1 Qb7 27. a3
Rd7 28. Ne3 h5 29. Ng2 e5 30. Nxf4 gxf4 31. Qd3 hxg4 32. hxg4 Rh7 33. f3 exd4
34. cxd4 Rh3 35. Qg6+ Qg7 36. Re8+ Rxe8 37. Qxe8+ Kh7 38. Qe4+ Qg6 39. Rh2 Rxh2
40. Kxh2 Kg7 41. Qxg6+ Kxg6 42. Kh3 Kf7 43. Kh4 Ke6 44. g5 1-0

[Event "Bad Woerishofen op"]
[Site "?"]
[Date "2006.03.20"]
[Round "4"]
[White "Marxen, Peter"]
[Black "Gutman, Lev"]
[Result "1-0"]
[WhiteElo "2165"]
[BlackElo "2465"]
[PlyCount "91"]
[EventDate "2006.??.??"]

1. e4 c5 2. Nf3 e6 3. d4 cxd4 4. Nxd4 d6 5. Nc3 Nc6 6. Be3 Nge7 7. Bd3 e5 8.
Nde2 a6 9. O-O b5 10. a3 Bb7 11. Kh1 Rc8 12. Qe1 Nb8 13. f3 Nd7 14. Rd1 Bc6 15.
Qf2 Nf6 16. Bg5 Qd7 17. Bxf6 gxf6 18. f4 Qe6 19. fxe5 Qxe5 20. Nd4 Bg7 21. Nxc6
Rxc6 22. Nd5 Ng6 23. c3 Rc5 24. Nb4 a5 25. Na6 Rc6 26. Nb8 Rc8 27. Qb6 O-O 28.
Nd7 Qg5 29. Nxf8 Bxf8 30. Bxb5 Rc5 31. Be2 Nf4 32. Bf3 Rb5 33. Qf2 Ng6 34. b4
axb4 35. cxb4 Rb8 36. Rb1 Ra8 37. b5 Rxa3 38. b6 d5 39. b7 Bd6 40. b8=Q+ Bxb8
41. Rxb8+ Kg7 42. exd5 Qe5 43. Rbb1 Qd6 44. Rbc1 Qa6 45. Bh5 Ne5 46. Rc6 1-0

[Event "Bad Woerishofen sen"]
[Site "?"]
[Date "2006.03.20"]
[Round "4"]
[White "Josting, Friedel"]
[Black "Mittermaier, Walter"]
[Result "0-1"]
[WhiteElo "2014"]
[BlackElo "2166"]
[PlyCount "108"]
[EventDate "2006.??.??"]

1. Nf3 d5 2. d4 c6 3. e3 Bf5 4. Bd3 Bxd3 5. Qxd3 e6 6. b3 Nd7 7. Nbd2 f5 8. Bb2
Bd6 9. Ne5 Ngf6 10. c4 g6 11. O-O O-O 12. f4 Ne4 13. Ndf3 Ndf6 14. Qe2 Qe7 15.
Rac1 Kg7 16. Rc2 h6 17. Nh4 Bxe5 18. dxe5 Nd7 19. Nf3 Kh7 20. a4 a6 21. Ra1
Rfe8 22. Ba3 Qg7 23. b4 dxc4 24. Qxc4 Nb6 25. Qb3 Qd7 26. Rcc1 Rad8 27. Rd1 Nd5
28. Rd3 Qc7 29. Rc1 Qb6 30. a5 Qa7 31. Bb2 Nxf4 32. Rxd8 Rxd8 33. Kf1 Rd3 34.
Bd4 Qxd4 35. Nxd4 Nd2+ 36. Kf2 Nxb3 37. Nxb3 Rxb3 38. exf4 Rxb4 39. Ke3 Rb5 40.
Rd1 Rd5 41. Rd4 Kg7 42. Kd3 Kf7 43. Kc3 Ke7 44. Rb4 Rc5+ 45. Kb3 Rb5 46. Ka4
Kd7 47. h4 h5 48. Rc4 c5 49. Rc3 Rb4+ 50. Ka3 Rxf4 51. Rxc5 Rd4 52. Rc3 Rd5 53.
Rg3 Rxa5+ 54. Kb4 Rxe5 0-1

[Event "Bad Woerishofen sen"]
[Site "?"]
[Date "2006.03.20"]
[Round "4"]
[White "Igney, Volkhard"]
[Black "Teichmeister, Sven"]
[Result "1/2-1/2"]
[WhiteElo "2250"]
[BlackElo "2140"]
[PlyCount "89"]
[EventDate "2006.??.??"]

1. e4 c5 2. Nc3 g6 3. g3 Bg7 4. Bg2 Nc6 5. d3 d6 6. f4 e6 7. Nf3 Nge7 8. O-O
O-O 9. Be3 Rb8 10. Rb1 b5 11. d4 cxd4 12. Nxd4 b4 13. Nce2 Qc7 14. Qd3 Nxd4 15.
Nxd4 Bd7 16. Rfc1 e5 17. Nb3 Bb5 18. Qd2 Bc6 19. fxe5 dxe5 20. c3 Rfd8 21. Qc2
Ba4 22. cxb4 Qxc2 23. Rxc2 Rxb4 24. Bxa7 Bxb3 25. axb3 Rxb3 26. Bf1 Nc8 27. Bc4
Rb7 28. Bc5 Nb6 29. Bxb6 Rxb6 30. Bd5 Rd7 31. Rc8+ Bf8 32. b3 Kg7 33. Rbc1 Rbd6
34. b4 f5 35. b5 fxe4 36. Bxe4 Rb6 37. Bc6 Rd2 38. Re8 Bd6 39. g4 Kf7 40. Rf1+
Kg7 41. g5 Rb8 42. Rxb8 Bxb8 43. b6 e4 44. Rf2 Rxf2 45. Kxf2 1/2-1/2

[Event "Bad Woerishofen op"]
[Site "?"]
[Date "2006.03.20"]
[Round "4"]
[White "Kveinys, Aloyzas"]
[Black "Mueller, Wolfgang"]
[Result "1-0"]
[WhiteElo "2517"]
[BlackElo "1929"]
[PlyCount "121"]
[EventDate "2006.??.??"]

1. d4 Nf6 2. c4 e6 3. Nc3 Bb4 4. e3 c5 5. Bd3 O-O 6. Nf3 d5 7. O-O Nc6 8. cxd5
exd5 9. dxc5 Bxc5 10. h3 Bb6 11. Ne2 Re8 12. b3 Ne4 13. Bb2 Qe7 14. Ned4 Nxd4
15. Bxd4 Bxd4 16. Nxd4 Qh4 17. Nf3 Qh5 18. Be2 Bxh3 19. gxh3 Nc3 20. Qc2 Qxh3
21. Nh2 Re5 22. Bg4 Rg5 23. f3 h5 24. Qxc3 hxg4 25. fxg4 Re8 26. Rf2 Rxe3 27.
Qc8+ Kh7 28. Qc2+ Kg8 29. Rg2 Rge5 30. Nf1 R3e4 31. Rd1 d4 32. Rd3 Qh4 33. Rf3
g6 34. Qc7 Re7 35. Qb8+ Kg7 36. g5 Rg4 37. Rxg4 Qxg4+ 38. Qg3 Qe4 39. Nd2 Qc2
40. Qf4 Qc1+ 41. Rf1 Qc5 42. Nc4 Qf5 43. Nd2 Re5 44. Qxf5 gxf5 45. Rf4 Rd5 46.
Kf2 f6 47. gxf6+ Kxf6 48. Nf3 Ra5 49. a4 b5 50. Rxd4 bxa4 51. bxa4 Ke6 52. Ke3
Rd5 53. Kd3 a6 54. Kc4 Rxd4+ 55. Kxd4 Kd6 56. Kc4 f4 57. Kb4 Kc6 58. Ka5 Kb7
59. Nd4 Ka7 60. Kb4 Kb6 61. a5+ 1-0

[Event "Bad Woerishofen op"]
[Site "?"]
[Date "2006.03.20"]
[Round "4"]
[White "van Kooten, Luuk"]
[Black "Lochte, Thomas"]
[Result "1/2-1/2"]
[WhiteElo "2273"]
[BlackElo "2165"]
[PlyCount "111"]
[EventDate "2006.??.??"]

1. d4 Nf6 2. c4 e5 3. dxe5 Ng4 4. Bf4 Bb4+ 5. Nd2 d6 6. exd6 Qf6 7. Nh3 Nxf2 8.
Kxf2 Bxh3 9. g3 Bc5+ 10. e3 Bxf1 11. Rxf1 Bxd6 12. Kg1 Qe6 13. Bxd6 cxd6 14.
Qf3 Nc6 15. Qe4 O-O 16. Qxe6 fxe6 17. Rad1 d5 18. cxd5 exd5 19. Nb3 Rae8 20.
Rxf8+ Kxf8 21. Kf2 Ne5 22. Rxd5 Ng4+ 23. Kf3 Nxe3 24. Rd7 Nf1 25. Rxb7 Nxh2+
26. Kf4 Re2 27. Nd4 Re7 28. Rxe7 Kxe7 29. Nc6+ Kf6 30. Nxa7 g5+ 31. Ke4 Nf1 32.
Kf3 h5 33. Nc6 Nd2+ 34. Kg2 Nc4 35. b3 Na3 36. Nd4 Ke5 37. Nf3+ Kf5 38. Kf2 h4
39. gxh4 gxh4 40. Nxh4+ Ke4 41. Ke1 Kd3 42. Kd1 Kc3 43. Kc1 Nc2 44. Nf3 Nb4 45.
Kb1 Nd3 46. Ng1 Nf4 47. Ka1 Ne6 48. Ne2+ Kd2 49. Kb2 Kxe2 50. Kc3 Ke3 51. Kc4
Ke4 52. a4 Ke5 53. b4 Kd6 54. b5 Kc7 55. a5 Kb7 56. Kd5 1/2-1/2

[Event "Bad Woerishofen op"]
[Site "Bad Woerishofen"]
[Date "2006.03.20"]
[Round "4"]
[White "Rahls, Peter"]
[Black "Maugg, Ludwig"]
[Result "1-0"]
[WhiteElo "2334"]
[BlackElo "2117"]
[PlyCount "99"]
[EventDate "2006.03.20"]
[EventType "swiss"]
[EventRounds "9"]
[EventCountry "GER"]

1. e4 c5 2. c3 d5 3. exd5 Qxd5 4. d4 g6 5. Be3 cxd4 6. cxd4 Bg7 7. Nc3 Qd8 8.
Nf3 Nh6 9. Nb5 O-O 10. Qc1 Nf5 11. Nc7 Nc6 12. Nxa8 Be6 13. Bc4 Nxe3 14. fxe3
Qa5+ 15. Kf2 Bxc4 16. Qxc4 Rxa8 17. Rhd1 Rd8 18. a3 e6 19. b4 Qd5 20. Rac1 Ne7
21. Qc7 Qd7 22. Qxd7 Rxd7 23. e4 f5 24. e5 Bh6 25. Rc4 Nd5 26. Rc8+ Kg7 27. h4
Be3+ 28. Ke2 h6 29. g3 g5 30. hxg5 hxg5 31. Rd3 g4 32. Nd2 Nb6 33. Rb8 Bxd2 34.
Rxd2 Rc7 35. Kd3 Nd5 36. Rc2 Rxc2 37. Kxc2 Ne3+ 38. Kd3 Nf1 39. Rxb7+ Kg6 40.
Re7 Nxg3 41. Rxe6+ Kg5 42. d5 Nh5 43. Re8 Nf4+ 44. Kd4 g3 45. Rg8+ Ng6 46. Ke3
f4+ 47. Kf3 Kf5 48. Rxg6 Kxg6 49. a4 Kf5 50. e6 1-0

[Event "Bad Woerishofen op"]
[Site "Bad Woerishofen"]
[Date "2006.03.20"]
[Round "4"]
[White "Graf, Christian"]
[Black "Anistratov, Dmitrij"]
[Result "0-1"]
[WhiteElo "2156"]
[BlackElo "2323"]
[PlyCount "102"]
[EventDate "2006.03.20"]
[EventType "swiss"]
[EventRounds "9"]
[EventCountry "GER"]

1. e4 d6 2. d4 Nf6 3. Nc3 g6 4. Nf3 Bg7 5. Be2 O-O 6. O-O c6 7. a4 Qc7 8. h3 e5
9. dxe5 dxe5 10. Be3 Qe7 11. Qc1 Nbd7 12. Bh6 Nc5 13. Bxg7 Kxg7 14. Qe3 Nh5 15.
Rfd1 Nf4 16. Bf1 f6 17. Kh2 a5 18. Qd2 Be6 19. Qd6 Qxd6 20. Rxd6 Rad8 21. Rad1
Rxd6 22. Rxd6 Kf7 23. g3 Nh5 24. h4 Ke7 25. Rd2 Ng7 26. b3 Ne8 27. Ne1 Nd6 28.
Bg2 Rd8 29. Kg1 h5 30. Bf3 Bf7 31. Ng2 Ne6 32. Ne2 g5 33. Ne3 Bg6 34. Nc4 Nxc4
35. Rxd8 Nxd8 36. bxc4 g4 37. Bg2 Kd6 38. Nc1 Kc5 39. Nb3+ Kb4 40. f4 gxf3 41.
Bxf3 Kxa4 42. g4 hxg4 43. Bxg4 Kb4 44. Nd2 Kc3 45. Nb3 a4 46. Nc5 a3 47. h5
Bxh5 48. Bxh5 a2 49. Nb3 Kxc2 50. Na1+ Kb2 51. Kf2 Kxa1 0-1

[Event "Bad Woerishofen op"]
[Site "Bad Woerishofen"]
[Date "2006.03.20"]
[Round "4"]
[White "Pirrot, Dieter"]
[Black "Gerstner, Bernhard"]
[Result "1-0"]
[WhiteElo "2408"]
[BlackElo "2140"]
[PlyCount "77"]
[EventDate "2006.03.20"]
[EventType "swiss"]
[EventRounds "9"]
[EventCountry "GER"]

1. e4 e5 2. Nf3 Nc6 3. Bc4 Nf6 4. Ng5 d5 5. exd5 Na5 6. Bb5+ c6 7. dxc6 bxc6 8.
Be2 h6 9. Nf3 e4 10. Ne5 Bc5 11. O-O Qd4 12. Ng4 Bxg4 13. Bxg4 e3 14. Bh3 exf2+
15. Kh1 Qh4 16. Qe2+ Kf8 17. Qa6 Bb6 18. b4 Nc4 19. Na3 Nd6 20. Bb2 Re8 21. d3
Qxb4 22. Rab1 Re1 23. g3 Rxb1 24. Rxb1 Qe1+ 25. Bf1 Ng4 26. d4 Qe6 27. Qe2 Qf5
28. Bg2 Qh5 29. h3 Nf5 30. Qxg4 Bc7 31. Bxc6 Nxg3+ 32. Kg2 Qa5 33. Qc8+ Ke7 34.
Qd7+ Kf6 35. d5+ Kg6 36. Nc4 Qxa2 37. Qxc7 Qxb1 38. Qxg3+ Kh7 39. Qxg7# 1-0

[Event "Bad Woerishofen op"]
[Site "Bad Woerishofen"]
[Date "2006.03.20"]
[Round "4"]
[White "Muench, Werner"]
[Black "Goris, Ton"]
[Result "1/2-1/2"]
[WhiteElo "1930"]
[BlackElo "2086"]
[PlyCount "95"]
[EventDate "2006.03.20"]
[EventType "swiss"]
[EventRounds "9"]
[EventCountry "GER"]

1. d4 e6 2. c4 Nf6 3. Nf3 c5 4. d5 exd5 5. cxd5 d6 6. Nc3 g6 7. e4 Bg7 8. Bb5+
Nbd7 9. O-O O-O 10. Bxd7 Bxd7 11. Bf4 Bg4 12. h3 Bxf3 13. Qxf3 Nh5 14. Bh2 a6
15. Rfe1 b5 16. Rab1 Ra7 17. Qd3 Re8 18. a4 b4 19. Nd1 f5 20. f3 Bd4+ 21. Kf1
f4 22. Re2 Qh4 23. Nf2 Ng3+ 24. Bxg3 Qxg3 25. Rd1 Re5 26. Qc4 h5 27. Rxd4 cxd4
28. Nd3 Ree7 29. Qxb4 g5 30. Qxd6 Kh7 31. Qf6 Rf7 32. Qxd4 g4 33. hxg4 hxg4 34.
Qf2 gxf3 35. Qxf3 Qh2 36. Qh3+ Qxh3 37. gxh3 f3 38. Rf2 Rac7 39. e5 Rf5 40. d6
Rc4 41. Ke1 Rd4 42. Kd2 Rxe5 43. Kc3 Red5 44. Rxf3 Rxd6 45. b4 R4d5 46. Kc4
Rd4+ 47. Kc3 R4d5 48. Kc4 1/2-1/2

[Event "Bad Woerishofen op"]
[Site "Bad Woerishofen"]
[Date "2006.03.20"]
[Round "4"]
[White "Wissinger, Peter"]
[Black "Klein, Manfred"]
[Result "0-1"]
[WhiteElo "2112"]
[BlackElo "2245"]
[PlyCount "100"]
[EventDate "2006.03.20"]
[EventType "swiss"]
[EventRounds "9"]
[EventCountry "GER"]

1. Nf3 Nf6 2. c4 c5 3. g3 g6 4. b3 Bg7 5. Bb2 Nc6 6. Bg2 O-O 7. O-O d6 8. d3
Bd7 9. Nbd2 a6 10. e3 b5 11. a3 Rb8 12. Qc2 Qb6 13. Rab1 Rfc8 14. Rfe1 Qd8 15.
e4 Qf8 16. Nf1 Ne8 17. Bxg7 Qxg7 18. Ne3 Nc7 19. Qd2 Ne6 20. Rec1 Kf8 21. Nc2
Ned4 22. Ncxd4 Nxd4 23. Nxd4 Qxd4 24. Qe3 Qxe3 25. fxe3 Rb6 26. Bf1 Rcb8 27. d4
Bc6 28. dxc5 dxc5 29. cxb5 Bxb5 30. Rxc5 Bxf1 31. Kxf1 Rxb3 32. Rxb3 Rxb3 33.
Ra5 Rb6 34. Kf2 Ke8 35. e5 Kd7 36. Kf3 Kc7 37. Ra4 Re6 38. Ra5 Kb6 39. Rd5 Kc6
40. Ra5 Kb6 41. Rd5 a5 42. a4 Rc6 43. Rb5+ Ka6 44. Rd5 Rc4 45. Rd7 Rxa4 46.
Rxe7 Rb4 47. Rxf7 a4 48. e6 Rb6 49. e7 Re6 50. Rf6 Rxf6+ 0-1

[Event "Bad Woerishofen op"]
[Site "Bad Woerishofen"]
[Date "2006.03.20"]
[Round "4"]
[White "Braun, Peter"]
[Black "Wohl, Alexandar"]
[Result "0-1"]
[WhiteElo "2257"]
[BlackElo "2452"]
[PlyCount "76"]
[EventDate "2006.03.20"]
[EventType "swiss"]
[EventRounds "9"]
[EventCountry "GER"]

1. d4 e6 2. c4 b6 3. a3 g6 4. Nc3 Bg7 5. e4 d6 6. Nf3 Ne7 7. Bd3 Nd7 8. Be3 h6
9. Qd2 a6 10. O-O g5 11. Rad1 Bb7 12. Qe2 Ng6 13. e5 g4 14. Ne1 dxe5 15. Bxg6
fxg6 16. Qxg4 Qf6 17. d5 Qf5 18. Qe2 O-O-O 19. Nd3 e4 20. Nf4 exd5 21. Nfxd5
Rhe8 22. Bd4 Bxd4 23. Rxd4 Nc5 24. Rfd1 Ne6 25. Rxe4 b5 26. b3 Bxd5 27. Rxd5
Nf4 28. Rxd8+ Rxd8 29. Qf3 Rd3 30. Qxf4 Qxf4 31. Rxf4 Rxc3 32. g3 Rxb3 33. cxb5
axb5 34. Rf6 Rxa3 35. Rxg6 b4 36. Rg4 c5 37. Rc4 Rc3 38. Re4 b3 0-1

[Event "Bad Woerishofen op"]
[Site "Bad Woerishofen"]
[Date "2006.03.20"]
[Round "4"]
[White "Holl, Andreas"]
[Black "Wilhelm, Andreas"]
[Result "1-0"]
[WhiteElo "2193"]
[BlackElo "2040"]
[PlyCount "87"]
[EventDate "2006.03.20"]
[EventType "swiss"]
[EventRounds "9"]
[EventCountry "GER"]

1. d4 Nf6 2. Nf3 g6 3. c4 Bg7 4. Nc3 d6 5. g3 O-O 6. Bg2 Nbd7 7. O-O c6 8. e4
e5 9. h3 h6 10. Be3 b6 11. Qc2 Ba6 12. Rfd1 Qe7 13. b3 Rad8 14. a4 Nh5 15. a5
b5 16. d5 b4 17. dxc6 bxc3 18. cxd7 Rxd7 19. Qxc3 f5 20. Nh4 Qd8 21. Nxg6 f4
22. Nxf8 Bxf8 23. Bd2 Rg7 24. Be1 Qg5 25. b4 fxg3 26. fxg3 Nf4 27. Ra2 Nxg2 28.
Kxg2 Bc8 29. Rd3 Qh5 30. g4 Qg6 31. Re3 h5 32. g5 Qxg5+ 33. Rg3 Qf4 34. Rxg7+
Bxg7 35. Re2 h4 36. Bd2 Qf6 37. Qf3 Qe6 38. c5 dxc5 39. bxc5 Qc4 40. Be3 Ba6
41. Rd2 Bf8 42. Rd8 Qa2+ 43. Bf2 Qf7 44. Qxf7+ 1-0

[Event "Bad Woerishofen op"]
[Site "?"]
[Date "2006.03.20"]
[Round "4"]
[White "Skembris, Spyridon"]
[Black "Maeurer, Christoph"]
[Result "1-0"]
[WhiteElo "2451"]
[BlackElo "2235"]
[PlyCount "55"]
[EventDate "2006.??.??"]

1. d4 Nf6 2. c4 g6 3. Nc3 Bg7 4. e4 d6 5. Bd3 O-O 6. Nge2 a6 7. O-O Nbd7 8. Ng3
c5 9. d5 Ne5 10. Be2 b5 11. cxb5 axb5 12. f4 Ned7 13. Bxb5 Ba6 14. Bxa6 Rxa6
15. Qe2 Qa8 16. e5 Ne8 17. e6 Ndf6 18. f5 Nc7 19. exf7+ Rxf7 20. fxg6 hxg6 21.
Bg5 Rb6 22. Rad1 Qb7 23. Qd3 Rxb2 24. Qxg6 Ne6 25. Bxf6 Nf8 26. Qg4 exf6 27.
Nf5 Kh8 28. Nxd6 1-0

[Event "Bad Woerishofen op"]
[Site "?"]
[Date "2006.03.20"]
[Round "4"]
[White "Heika, Martin"]
[Black "Henrichs, Thomas"]
[Result "0-1"]
[WhiteElo "2357"]
[BlackElo "2434"]
[PlyCount "60"]
[EventDate "2006.??.??"]

1. e4 e5 2. Nf3 Nc6 3. Bc4 Bc5 4. O-O Nf6 5. d3 d6 6. c3 O-O 7. b4 Bb6 8. a4 a5
9. b5 Ne7 10. Bg5 Ng6 11. Nh4 Nxh4 12. Bxh4 h6 13. Nd2 g5 14. Bg3 Bg4 15. Qe1
Kh7 16. Bb3 h5 17. Nc4 Ba7 18. Kh1 h4 19. f3 Be6 20. Bf2 Bxf2 21. Qxf2 Nh5 22.
d4 b6 23. Rfd1 Qf6 24. Ba2 Bxc4 25. Bxc4 Rae8 26. g3 hxg3 27. hxg3 Kg7 28. Kg2
Rh8 29. Rh1 Qg6 30. Bd3 Nf4+ 0-1

[Event "Bad Woerishofen op"]
[Site "Bad Woerishofen"]
[Date "2006.03.20"]
[Round "4"]
[White "Siebrecht, Sebastian"]
[Black "Naegele, Thomas"]
[Result "1-0"]
[WhiteElo "2429"]
[BlackElo "2220"]
[PlyCount "61"]
[EventDate "2006.03.20"]
[EventType "swiss"]
[EventRounds "9"]
[EventCountry "GER"]

1. d4 Nf6 2. Nf3 g6 3. c4 Bg7 4. Nc3 O-O 5. e4 d6 6. h3 e5 7. d5 a5 8. Bg5 Na6
9. Be2 Qe8 10. g4 Nd7 11. a3 Nb6 12. b3 f6 13. Be3 Qe7 14. Rb1 f5 15. gxf5 gxf5
16. Bg5 Qf7 17. Rg1 Kh8 18. Nh4 Rg8 19. Bh5 Qf8 20. Ng6+ hxg6 21. Bxg6 Bh6 22.
Qh5 Rxg6 23. Qxg6 Bg7 24. Qh5+ Kg8 25. Bh6 Bd7 26. Bxg7 Qxg7 27. Ke2 Rf8 28.
Rxg7+ Kxg7 29. Rg1+ Kf6 30. Qh7 Be8 31. Qg7# 1-0

[Event "Bad Woerishofen op"]
[Site "Bad Woerishofen"]
[Date "2006.03.20"]
[Round "4"]
[White "Schaefer, Michael"]
[Black "Thinius, Marco"]
[Result "1/2-1/2"]
[WhiteElo "2196"]
[BlackElo "2343"]
[PlyCount "91"]
[EventDate "2006.03.20"]
[EventType "swiss"]
[EventRounds "9"]
[EventCountry "GER"]

1. d4 b6 2. e4 Bb7 3. Bd3 Nf6 4. Nc3 e6 5. Nge2 c5 6. O-O Nc6 7. d5 Ne5 8. Bf4
Ng6 9. dxe6 fxe6 10. e5 Nd5 11. Bxg6+ hxg6 12. Qd3 Kf7 13. Rad1 Be7 14. Bg3
Nxc3 15. Nxc3 Bc6 16. Rfe1 Qc7 17. Ne4 Rh5 18. c3 Rah8 19. a3 a5 20. b3 Qb7 21.
Rb1 Ra8 22. a4 Rah8 23. c4 Rf5 24. Rbd1 Rf8 25. Rb1 Kg8 26. Rbd1 Qa8 27. f3 Kh7
28. Rb1 Bd8 29. Rbd1 Bc7 30. Nf2 Qd8 31. Ng4 Qg5 32. Qd2 Qh5 33. Rf1 R8f7 34.
Qe3 Bd8 35. Qe2 Be7 36. Qe3 Bd8 37. Qe2 Be7 38. Rd3 Bd8 39. Rdd1 Kh8 40. Rd3
Bc7 41. Rdd1 Rf8 42. Rd3 Qg5 43. Rdd1 Qd8 44. Rd3 Qa8 45. Qd1 Qe8 46. Qe2
1/2-1/2

[Event "Bad Woerishofen op"]
[Site "?"]
[Date "2006.03.21"]
[Round "5"]
[White "Urban, Rudolf"]
[Black "Graf, Christian"]
[Result "0-1"]
[WhiteElo "2020"]
[BlackElo "2156"]
[PlyCount "40"]
[EventDate "2006.??.??"]

1. d4 d5 2. Nf3 Nf6 3. Bf4 c6 4. c3 Bf5 5. Nbd2 h6 6. e3 e6 7. h3 Nbd7 8. Be2
Be7 9. O-O O-O 10. Re1 Qb6 11. b4 a5 12. a3 Ra7 13. Ne5 Nxe5 14. Bxe5 Rfa8 15.
Bxf6 Bxf6 16. Qb3 axb4 17. cxb4 e5 18. dxe5 Bxe5 19. Ra2 Be6 20. Qd3 d4 0-1

[Event "Bad Woerishofen op"]
[Site "?"]
[Date "2006.03.21"]
[Round "5"]
[White "Saravanan, Venkatach"]
[Black "Schaefer, Michael"]
[Result "1-0"]
[WhiteElo "2329"]
[BlackElo "2196"]
[PlyCount "33"]
[EventDate "2006.??.??"]

1. e4 c5 2. Nf3 e6 3. d4 cxd4 4. Nxd4 Nf6 5. Nc3 d6 6. Be3 Be7 7. f3 Nc6 8. Qd2
O-O 9. O-O-O d5 10. Qe1 e5 11. Nxc6 bxc6 12. exd5 Nxd5 13. Bb5 Bd7 14. Nxd5
cxb5 15. Qc3 Bd6 16. Qd2 Re8 17. Nc3 1-0

[Event "Bad Woerishofen sen"]
[Site "?"]
[Date "2006.03.21"]
[Round "5"]
[White "Packroff, Hermann"]
[Black "Schuler, Georg"]
[Result "1-0"]
[WhiteElo "2157"]
[BlackElo "2062"]
[PlyCount "43"]
[EventDate "2006.??.??"]

1. d4 Nf6 2. Nc3 d5 3. Bg5 Nbd7 4. Qd3 e6 5. e4 dxe4 6. Nxe4 Be7 7. Nxf6+ Bxf6
8. Bxf6 Nxf6 9. Nf3 h6 10. O-O-O Bd7 11. Ne5 c6 12. c4 Qc7 13. f4 O-O 14. g4
Nh7 15. Bg2 f5 16. gxf5 exf5 17. d5 Rad8 18. d6 Qa5 19. b4 Qxb4 20. Bd5+ cxd5
21. Qxd5+ Kh8 22. Ng6# 1-0

[Event "Bad Woerishofen op"]
[Site "?"]
[Date "2006.03.21"]
[Round "5"]
[White "Krabbe-Rachut, Helmut"]
[Black "Lipok, Christoph"]
[Result "0-1"]
[WhiteElo "1979"]
[BlackElo "2188"]
[PlyCount "36"]
[EventDate "2006.??.??"]

1. e4 e6 2. d4 d5 3. e5 c5 4. c3 Nc6 5. Nf3 Qb6 6. Bd3 cxd4 7. cxd4 Bd7 8. O-O
Nxd4 9. Nxd4 Qxd4 10. Qe2 Ne7 11. Kh1 Nc6 12. f4 Bc5 13. Nc3 Nb4 14. Bb5 a6 15.
Bxd7+ Kxd7 16. Rd1 Qf2 17. Qg4 Nd3 18. Be3 Qxe3 0-1

[Event "Bad Woerishofen op"]
[Site "?"]
[Date "2006.03.21"]
[Round "5"]
[White "Wohl, Alexandar"]
[Black "Dubkov, Andrej"]
[Result "1-0"]
[WhiteElo "2452"]
[BlackElo "2300"]
[PlyCount "72"]
[EventDate "2006.??.??"]

1. e4 d5 2. exd5 Qxd5 3. Nc3 Qa5 4. Bc4 Nf6 5. d3 c6 6. Bd2 Qc7 7. Qf3 Bg4 8.
Qg3 Qxg3 9. hxg3 e6 10. f3 Bf5 11. g4 Bg6 12. Nge2 Nbd7 13. Nf4 Rg8 14. Nxg6
hxg6 15. Ne4 b5 16. Bb3 Nxe4 17. dxe4 Nc5 18. Ke2 O-O-O 19. Be3 Kb7 20. Bg5 f6
21. Be3 Nxb3 22. axb3 a6 23. Rad1 Be7 24. Rxd8 Rxd8 25. Rh7 Bf8 26. b4 Rd7 27.
c3 e5 28. Rh8 Rf7 29. g5 Bd6 30. Rg8 f5 31. exf5 gxf5 32. g6 Rd7 33. Bc5 a5 34.
Bxd6 Rxd6 35. Rxg7+ Kb6 36. Rg8 a4 1-0

[Event "Bad Woerishofen sen"]
[Site "?"]
[Date "2006.03.21"]
[Round "5"]
[White "Neese, Hans-Joachim"]
[Black "Igney, Volkhard"]
[Result "1/2-1/2"]
[WhiteElo "2244"]
[BlackElo "2250"]
[PlyCount "38"]
[EventDate "2006.??.??"]

1. Nf3 d5 2. d4 Nf6 3. c4 e6 4. Nc3 c6 5. e3 Bb4 6. Bd2 O-O 7. a3 Ba5 8. Ne5
Nbd7 9. b4 Bc7 10. f4 a5 11. b5 c5 12. Qf3 cxd4 13. exd4 dxc4 14. Nxc4 Nb6 15.
Be3 Nxc4 16. Bxc4 Bb6 17. Na4 Bc7 18. O-O Rb8 19. Nc3 b6 1/2-1/2

[Event "Bad Woerishofen op"]
[Site "?"]
[Date "2006.03.21"]
[Round "5"]
[White "Dittmar, Peter"]
[Black "Stabolewski, Andreas"]
[Result "1/2-1/2"]
[WhiteElo "2334"]
[BlackElo "2228"]
[PlyCount "66"]
[EventDate "2006.??.??"]

1. d4 d5 2. Bf4 c5 3. e4 e6 4. exd5 exd5 5. Bb5+ Nc6 6. Qe2+ Qe7 7. Nc3 Nf6 8.
Bg5 Be6 9. Nf3 a6 10. Bxc6+ bxc6 11. O-O Qb7 12. Bxf6 gxf6 13. Na4 c4 14. b3
Qb5 15. Qe3 O-O-O 16. Qf4 Rg8 17. Rfe1 Rg6 18. Qd2 Bb4 19. c3 Bd6 20. Qc2 Rdg8
21. g3 h5 22. Nh4 Rg5 23. Rab1 Qa5 24. bxc4 dxc4 25. Nb6+ Kd8 26. a4 f5 27. Nf3
f4 28. Nxg5 Qxg5 29. Rb2 h4 30. Rxe6 fxe6 31. Qh7 Rg7 32. Qh8+ Rg8 33. Qh7 Rg7
1/2-1/2

[Event "Bad Woerishofen sen"]
[Site "?"]
[Date "2006.03.21"]
[Round "5"]
[White "Goy, Udo"]
[Black "Mentel, Juergen"]
[Result "1/2-1/2"]
[WhiteElo "2554"]
[BlackElo "2104"]
[PlyCount "76"]
[EventDate "2006.??.??"]

1. d4 d6 2. Nc3 Nf6 3. e4 c6 4. a4 a5 5. Nf3 Bg4 6. Bc4 e6 7. Bb3 d5 8. e5 Ne4
9. h3 Bh5 10. Ne2 Be7 11. Nf4 Bg6 12. Nxg6 hxg6 13. O-O Ng5 14. Nxg5 Bxg5 15.
f4 Be7 16. Be3 Nd7 17. c4 dxc4 18. Bxc4 Nb6 19. Qb3 Nxc4 20. Qxc4 Bb4 21. Rac1
Qe7 22. Rc2 Qd7 23. Rd1 Be7 24. Rf1 Bb4 25. Kh2 Qd8 26. Rcf2 Qd7 27. Rf3 Rd8
28. g4 Qd5 29. Qc2 Rd7 30. f5 gxf5 31. gxf5 Rh4 32. Qg2 Bf8 33. Qc2 c5 34. fxe6
Qxe6 35. Bf2 Rh5 36. Qc3 b6 37. dxc5 Bxc5 38. Bxc5 bxc5 1/2-1/2